<?xml version="1.0" encoding="UTF-8"?>
<collection xmlns="http://www.loc.gov/MARC21/slim">
 <record>
  <leader>00668pamaa2200169   4500</leader>
  <controlfield tag="001">0000024782</controlfield>
  <controlfield tag="005">20090610090000.0</controlfield>
  <datafield tag="020" ind1="0" ind2="0">
   <subfield code="a">0735609012 (CD) </subfield>
  </datafield>
  <datafield tag="082" ind1=" " ind2=" ">
   <subfield code="a">005.268 MIC</subfield>
  </datafield>
  <datafield tag="090" ind1="0" ind2="0">
   <subfield code="a">QA76.73.B3 </subfield>
   <subfield code="b">MIC 1999</subfield>
  </datafield>
  <datafield tag="110" ind1="1" ind2="0">
   <subfield code="a">MICROSOFT CORPORATION</subfield>
  </datafield>
  <datafield tag="245" ind1="1" ind2="0">
   <subfield code="a">Enterprise development using microsoft visual basic 6.0  </subfield>
   <subfield code="c">Microsoft Corporation [</subfield>
   <subfield code="m">CD-ROM].</subfield>
  </datafield>
  <datafield tag="260" ind1="0" ind2="0">
   <subfield code="a">Washington: </subfield>
   <subfield code="b">Microsoft Press, </subfield>
   <subfield code="c">1999.</subfield>
  </datafield>
  <datafield tag="300" ind1=" " ind2=" ">
   <subfield code="a">1 compact disc; </subfield>
   <subfield code="c">4.75 in.</subfield>
  </datafield>
  <datafield tag="500" ind1="0" ind2="0">
   <subfield code="a">Accompany with textbook titled &quot;Microsoft Mastering: enterprise development using microsoft visual basic 6.0&quot; by Mocrosoft Corporation</subfield>
  </datafield>
  <datafield tag="650" ind1="0" ind2="0">
   <subfield code="a">Application software -- </subfield>
   <subfield code="x">Development </subfield>
  </datafield>
  <datafield tag="650" ind1="0" ind2="0">
   <subfield code="a">Microsoft visual BASIC </subfield>
  </datafield>
 </record>
</collection>
